Риси американського просторіччя у романі Doug Horing "Waterman" (Запис № 285002)
[ простий вигляд ]
| 000 -LEADER | |
|---|---|
| fixed length control field | 01938nam a22001577a 4500 |
| 041 ## - LANGUAGE CODE | |
| Language code of text/sound track or separate title | ukr |
| 080 ## - UNIVERSAL DECIMAL CLASSIFICATION NUMBER | |
| Universal Decimal Classification number | 09 |
| 090 ## - LOCALLY ASSIGNED LC-TYPE CALL NUMBER (OCLC); LOCAL CALL NUMBER (OCLC) | |
| Local cutter number (OCLC) ; Book number/undivided call number, CALL (RLIN) | КОТ |
| 100 ## - MAIN ENTRY--PERSONAL NAME | |
| Personal name | Котлінська О. М. |
| 245 ## - TITLE STATEMENT | |
| Title | Риси американського просторіччя у романі Doug Horing "Waterman" |
| 260 ## - PUBLICATION, DISTRIBUTION, ETC. (IMPRINT) | |
| Place of publication, distribution, etc | Острог |
| Name of publisher, distributor, etc | КАФ |
| Date of publication, distribution, etc | 2012 |
| 300 ## - PHYSICAL DESCRIPTION | |
| Extent | 49 |
| 520 ## - SUMMARY, ETC. | |
| Summary, etc | РОЗДІЛ 1 іСТОРИЧНО-ГЕОГРАФІЧНІ ЗАСАДИ УТВОРЕННЯ ТА РОЗВИТКУ AMERICAN ENGLISH ТА ЙОГО ПОДІЛ НА ДІАЛЕКТИ<br/>1.1 Історичне тло зародження американського варіанту англійської мови.<br/>1.2 Різноманіття діалектів американського варіанту англійської мови. Virginia Piedmont та Coastal Southern.<br/>1.3 Гренада.<br/>РОЗДІЛ 2 МОВНІ ОСОБЛИВОСТІ АМЕРИКАНСЬКОГО ВАРІАНТУ АНГЛІЙСЬКОЇ МОВИ ТА МОВИ ГРЕНАДИ<br/>2.1 Граматичні, фонетичні та лексичні характеристики американського варіанту англійської мови.<br/>2.2 Мовні особливості діалектів Virginia Piedmont та Coastal Southern (Дорсет діалекту).<br/>2.3 Особливості мови Гренади.<br/>РОЗДІЛ 3 ХАРАКТЕРИСТИКА ОСОБЛИВОСТЕЙ МОВИ ГЕРОЇВ ТВОРУ ДАКА ХОРІНГА "WATERMAN"<br/>3.1 Граматичні відхилення у мовленні героїв твору.<br/>3.2 Лексична та фразеологічна наповненість американського просторіччя у творі.<br/>3.3 Особливості мовлення жителя Гренади у творі. |
| -- | літературознавство, мова Гренади |
| 650 ## - SUBJECT ADDED ENTRY--TOPICAL TERM | |
| Topical term or geographic name as entry element | Research Papers |
| 942 ## - ADDED ENTRY ELEMENTS (KOHA) | |
| Koha item type | Книги |
| Withdrawn status | Lost status | Source of classification or shelving scheme | Damaged status | Not for loan | Home library | Current library | Date acquired | Source of acquisition | Cost, normal purchase price | Total Checkouts | Full call number | Barcode | Date last seen | Price effective from | Koha item type |
|---|---|---|---|---|---|---|---|---|---|---|---|---|---|---|---|
| Universal Decimal Classification | ВІЛ - Відділ іноземн. літератури НБ | ВІЛ - Відділ іноземн. літератури НБ | 18/09/2012 | Акт №5 | 1.00 | 09 | 214978 | 09/11/2021 | 18/09/2012 | Книги |